000 00562cam a22002291 4500
001 sa 68003244
003 DLC
005 20260227112451.0
008 941101s1964 ce c 000 0 sino
010 _asa 68003244
025 _aPL480:c-124
035 _a(OCoLC)31390553
040 _aDLC
_cCU
_dCU
_dDLC
042 _apremarc
050 0 0 _aBJ1289
_b.N3
100 1 _aNandārāma, Āttiligoda,
_cSthavira.
245 1 0 _aMiniskama.
260 _c[1964]
300 _aviii. 155 p.
_bport.
_c18 cm.
500 _aIn Sinhalese.
650 0 _aBuddhist ethics.
999 _c79334
_d79334